Dějiny estetiky

Bibliographic Details
Main Authors: Gilbert, Katharine Everett, 1886-1952 (Author), KUHN, Helmut (Author)
Other Authors: Kovály, Pavel, 1928-2006 (Translator), Kovályová, Heda, 1919-2010 (Translator), Jůzl, Miloš (Author of introduction, etc., Compiler), Sus, Oleg, 1924-1982 (Author of afterword, colophon, etc.)
Format: Book
Language:Czech
English
PhysicalDescription:502, [2] s. 24 cm
Published: Praha Státní nakladatelství krásné literatury a umění 1965
Edition:1. vyd.
Subjects:

MARC

LEADER 00000cam a2200000 a 4500
001 vtls001269625
003 SK-MaSNL
005 20260301221540.0
008 240318s1965 xr g 00100 cze
020 |q (viazané) 
035 |a SNK000220684 
040 |a SNK  |b slo  |c SNK  |e AACR2 
041 1 |a cze  |h eng 
044 |a xr  |c CZ 
080 |a 7.01(100)(091)  |2 2011 
080 |a 111.852(091)  |2 2011 
080 |a (035)  |2 2011 
100 1 |a Gilbert, Katharine Everett,  |d 1886-1952  |4 aut  |9 247943 
245 1 0 |a Dějiny estetiky  |c Katharine Everett Gilbertová, Helmut Kuhn ; přeložili Pavel Kovály, Heda Kovályová ; úvod Miloš Jůzl ; doslov Oleg Sus 
250 |a 1. vyd. 
260 |a Praha  |b Státní nakladatelství krásné literatury a umění  |c 1965  |e Vimperk  |f Stráž 
300 |a 502, [2] s.  |c 24 cm 
504 |a Bibliografické odkazy a registre 
650 0 7 |a dejiny estetiky  |2 SNKPH  |9 104174 
650 0 7 |a History of aesthetics  |2 SNKPHeng  |9 335376 
655 7 |a príručky  |2 SNKPH  |9 74364 
655 7 |a Handbooks, manuals, etc.  |2 SNKPHeng  |9 90964 
700 1 |a KUHN, Helmut  |4 aut  |9 610042 
700 1 |a Kovály, Pavel,  |d 1928-2006  |4 trl  |9 244776 
700 1 |a Kovályová, Heda,  |d 1919-2010  |4 trl  |9 113629 
700 1 |a Jůzl, Miloš  |4 aui  |4 com  |9 394824 
700 1 |a Sus, Oleg,  |d 1924-1982  |4 aft  |9 223537 
852 |a Slovenská národná knižnica 
954 |a odborná, vedecká literatúra cudzojazyčná (svetová)  |2 lita 
958 |a NB 
958 |a OND 
999 |c 936351  |d 938281 
952 |t P60, <04>, [BOOK], {604}  |a SNK  |b SNK  |y VYP  |7 0  |p 17A0025787  |o snkIC 37771 D1  |0 0  |1 1  |4 0  |d 1996-12-10  |l 0  |r 2005-01-01 00:00:00  |w 2026-02-24